000 00942nas a2200313 4500
001 BR2018001370
003 BR-BrBNA
005 20231205131345.0
007 ta
008 230509b bl.|||p| |||| 00| 00por d
040 _aBR-BrBNA
_bpor
_cBiblioteca Nacional de Agricultura
041 _a(Pt)
072 _aQ02
100 1 _aRodrigues, M.P.J.
100 1 _aDias, T.C.V.
100 1 _aMartins, M.L.
100 1 _aMartins, M.L.
245 1 _aEfeito de estresse subletal pelo frio em células de Lactobacillus rhamnosus GG em suco misto de juçara e manga
650 _aFRUTA TROPICAL
650 _aSUCO
650 _aMANGA
650 _aAÇAÍ
650 _aTEMPERATURA
650 _aARMAZENAMENTO
650 _aINDÚSTRIA ALIMENTÍCIA
773 0 _tHigiene Alimentar (Brazil)
_xISSN 0101-9171
_g(May-Jun 2018), v. 32(280-281) p. 74-78
_wBR2018001370
909 _a202311
_bLúcia
_c55
_dLúcia Elande
942 _2AGRIS
_n0
_cANA
999 _c254365
_d254365